Violent night / directed by Tommy Wirkola ; written by Pat Casey, Josh Miller ; produced by Kelly McCormick, David Leitch, Guy Danella. (Record no. 20865)

000 -LEADER
fixed length control field 01094nam a22002537a 4500
008 - FIXED-LENGTH DATA ELEMENTS--GENERAL INFORMATION
fixed length control field 250527b xxu||||| |||| 00| 0 eng d
040 ## - CATALOGING SOURCE
Original cataloging agency Cagayan State University
082 ## - DEWEY DECIMAL CLASSIFICATION NUMBER
Classification number 791.4372
Item number V814
245 ## - TITLE STATEMENT
Title Violent night / directed by Tommy Wirkola ; written by Pat Casey, Josh Miller ; produced by Kelly McCormick, David Leitch, Guy Danella.
260 ## - PUBLICATION, DISTRIBUTION, ETC. (IMPRINT)
Place of publication, distribution, etc United States :
Name of publisher, distributor, etc Universal Pictures,
Date of publication, distribution, etc 2022.
300 ## - PHYSICAL DESCRIPTION
Extent 1 videofile, (ca. 107 mins.)
Other physical details sound, color.
520 ## - SUMMARY, ETC.
Summary, etc When a team of mercenaries breaks into a wealthy family compound on Christmas Eve, taking everyone inside hostage, the team isn't prepared for a surprise combatant: Santa Claus is on the grounds, and he's about to show why this Nick is no saint.
546 ## - LANGUAGE NOTE
Language note In English subtitle.
650 ## - SUBJECT ADDED ENTRY--TOPICAL TERM
Topical term or geographic name as entry element Action.
650 ## - SUBJECT ADDED ENTRY--TOPICAL TERM
Topical term or geographic name as entry element Thriller.
650 ## - SUBJECT ADDED ENTRY--TOPICAL TERM
Topical term or geographic name as entry element Comedy.
700 ## - ADDED ENTRY--PERSONAL NAME
Personal name Harbour, David, star.
700 ## - ADDED ENTRY--PERSONAL NAME
Personal name Leguizamo, John, star.
700 ## - ADDED ENTRY--PERSONAL NAME
Personal name Hassell, Alex, star.
700 ## - ADDED ENTRY--PERSONAL NAME
Personal name Louder, Alexis, star.
700 ## - ADDED ENTRY--PERSONAL NAME
Personal name D'Angelo, Beverly, star.
700 ## - ADDED ENTRY--PERSONAL NAME
Personal name Weston, Matthew, cinematographer.
942 ## - ADDED ENTRY ELEMENTS (KOHA)
Source of classification or shelving scheme
Item type Audio-Visual Materials
Holdings
Source of acquisition Price effective from Permanent location Date last seen Not for loan Date acquired Source of classification or shelving scheme Koha item type Collection code Shelving location Damaged status Lost status Withdrawn status Current location Full call number
Donation2025-05-27Cagayan State University - Carig Library2025-05-27 2025-05-27 Audio-Visual MaterialsElectronic Media CenterElectronic Media Center   Cagayan State University - Carig Library791.4372 V814

Cagayan State University University Library, Carig Campus
Tuguegarao City, Cagayan 3500 | www.csucarig.edu.ph

Powered by Koha